000 00585nam a2200229Ia 4500
003 OSt
005 20221007071359.0
006 a|||||r|||| 00| 0
007 ta
008 221006b |||||||| |||| 00| 0 eng d
024 _a26,056
037 _cTextual
040 _aFLL
_cFLL
_beng
041 _2eng
_aeng
082 _aZ51, K4
100 _aCracknell D.G.
_9688642
245 0 _aLaw students companion
260 _aLondon
_bButterworths London
_c1964
300 _a1-140p
_ccm.
942 _hZ51, K4
_cTEXL
_2CC
999 _c1143199
_d1143199